Mammal invaders on islands : Impact, control and control impact /
محفوظ في:
| المؤلف الرئيسي: | |
|---|---|
| مؤلفون آخرون: | , |
| التنسيق: | مقال |
| اللغة: | English |
| الموضوعات: | |
| الوسوم: |
إضافة وسم
لا توجد وسوم, كن أول من يضع وسما على هذه التسجيلة!
|
| Thư viện lưu trữ: | Thư viện Trường Đại học Đà Lạt |
|---|
| LEADER | 00918nam a2200301 4500 | ||
|---|---|---|---|
| 001 | DLU090078809 | ||
| 005 | ##20090608 | ||
| 040 | # | # | |a DLU |b eng |
| 041 | # | # | |a eng |
| 044 | # | # | |a UK |
| 100 | # | # | |a Courchamp, Franck. |
| 245 | # | # | |a Mammal invaders on islands : Impact, control and control impact / |c Franck Courchamp, Jean-Louis Chapuis, Michel Pascal. |
| 653 | # | # | |a Alien species |
| 653 | # | # | |a Biological invasions |
| 653 | # | # | |a Introduced species |
| 653 | # | # | |a Island restoration |
| 700 | # | # | |a Chapuis, Jean-Louis. |
| 700 | # | # | |a Pascal, Michel. |
| 773 | # | # | |t Biological Reviews |g Vol. 78, no. 3 (August 2003), p. 347-383 |
| 920 | # | # | |a Phòng Tạp chí -- Trung tâm Thông tin - Thư viện Trường Đại học Đà Lạt |
| 994 | # | # | |a DLU |
| 900 | # | # | |a True |
| 911 | # | # | |a Trương Bảo Trâm Anh |
| 925 | # | # | |a G |
| 926 | # | # | |a A |
| 927 | # | # | |a BB |
| 980 | # | # | |a Thư viện Trường Đại học Đà Lạt |